000 00461nam a2200157 i 4500
001 55549
003 ES-MaACL
005 20230906163152.0
007 t|
008 030923s1965 sp ||||1| spa d
100 1 _aDe Sayan, A.
_943079
245 1 3 _aEl cáncer rojo
_b: ensayo sobre el comunismo en los Estados Unidos de América /
_cA. De Sayan.
260 _aMadrid :
_b[s.n.],
_c1965.
300 _a189 p. ;
_c17 cm.
852 _aES-MaACL
_jC-28340
_bR.57468
999 _c55549
_d55549